Personnage mystère #28 - Statistiques

Statistiques générales
  • Ce quiz a été pris 209 fois
  • Le résultat moyen est 3 sur 7
Statistiques - réponses
Lettres Indices % Correct
FUO Fou
100%
RHOSÉ Héros
79%
IERLACHEV Chevalier
72%
RANTRE Errant
27%
NÉCIELUND Dulcinée
24%
Nom du personnage Don Quichotte
21%
NETANISOSR Rossinante
21%
Aucun quiz correspondant
Distribution des résultats
% des personnes avec chaque résultat
Percentile par nombre de réponses
Votre historique - résultats
Vous n’avez pas pris ce quiz